LIBRARY & INFORMATION CENTRE, KCAET, TAVANUR

ONLINE PUBLIC ACCESS CATALOGUE (OPAC)

Workshop practice / (Record no. 12972)

MARC details
000 -LEADER
fixed length control field 00402cam a2200157ua 4500
003 - CONTROL NUMBER IDENTIFIER
control field OSt
008 - FIXED-LENGTH DATA ELEMENTS--GENERAL INFORMATION
fixed length control field 250315b |||||||| |||| 00| 0 eng d
020 ## - INTERNATIONAL STANDARD BOOK NUMBER
ISBN 9780070671195
020 ## - INTERNATIONAL STANDARD BOOK NUMBER
ISBN 0070671192
082 ## - DEWEY DECIMAL CLASSIFICATION NUMBER
Classification number 670.423
Item number BAW/WO
100 ## - MAIN ENTRY--AUTHOR NAME
Personal name Bawa, H.S .
245 ## - TITLE STATEMENT
Title Workshop practice /
260 ## - PUBLICATION, DISTRIBUTION, ETC. (IMPRINT)
Place of publication New Delhi :
Name of publisher Tata Mc-Graw Hill Publishing Company ,
Year of publication 2004.
300 ## - PHYSICAL DESCRIPTION
Number of Pages 250
942 ## - ADDED ENTRY ELEMENTS (KOHA)
Koha item type Books
Holdings
Withdrawn status Lost status Damaged status Home library Current library Date acquired Full call number Accession Number Koha item type Collection code Shelving location Source of acquisition Cost, normal purchase price
      KAUAET KAUAET 07/04/2012 670.423 BAW/WO 21236 Books        
      KAUAET KAUAET 31/03/2012 670.423 BAW/WO 22469 Books Non-fiction General Stacks Current Books, Thrissur 225.00
free website counter